[Event "Vaxjo op"]
[Site "Vaxjo"]
[Date "2016.02.19"]
[Round "3"]
[White "Lindsten, Dennis"]
[Black "Gonzalez, Emilio"]
[Result "0-1"]
[WhiteElo "2075"]
[BlackElo "1846"]
[PlyCount "54"]
[EventDate "2016.02.19"]
[EventType "swiss"]
[EventRounds "8"]
[EventCountry "SWE"]
[SourceTitle "CBM 170 Extra"]
[Source "ChessBase"]
[SourceDate "2016.02.25"]
[SourceVersion "1"]
[SourceVersionDate "2016.02.25"]
[SourceQuality "1"]

1. b3 b6 2. Bb2 Bb7 3. e3 e6 4. f4 Nf6 5. Nf3 Be7 6. Be2 c5 7. 0-0 Nc6 8. d3 d5 9. Nbd2 0-0 10. Ne5 d4 11. Nxc6 Bxc6 12. e4 b5 13. Qe1 Qb6 14. Qg3 Rfd8 15. Nf3 c4 16. Kh1 Bc5 17. Ne5 Bxe4 18. bxc4 Bb7 19. cxb5 Nd5 20. Nc4 Qxb5 21. Rab1 Qa4 22. Bxd4 Bxd4 23. Rxb7 Qxc2 24. Bh5 Rf8 25. Ne5 Bxe5 26. fxe5 g6 27. Bg4 Qd2 0-1

[Event "Goteborg op"]
[Site "Molnlycke"]
[Date "2015.08.14"]
[Round "2"]
[White "Westerberg, Jonathan"]
[Black "Lindsten, Dennis"]
[Result "1-0"]
[WhiteElo "2464"]
[BlackElo "2089"]
[PlyCount "95"]
[EventDate "2015.08.14"]
[EventType "swiss"]
[EventRounds "8"]
[EventCountry "SWE"]
[SourceTitle "CBM 167 Extra"]
[Source "ChessBase"]
[SourceDate "2015.09.14"]
[SourceVersion "1"]
[SourceVersionDate "2015.09.14"]
[SourceQuality "1"]

1. c4 e5 2. Nc3 Nf6 3. e3 d5 4. cxd5 Nxd5 5. Nf3 Nxc3 6. bxc3 Bd6 7. d4 exd4 8. cxd4 0-0 9. Be2 b6 10. 0-0 Bb7 11. Nd2 f5 12. Bf3 Bxf3 13. Qxf3 Nd7 14. Nc4 Qe7 15. a4 a5 16. Nxd6 cxd6 17. Qd5+ Kh8 18. Ba3 Nf6 19. Qxd6 Qxd6 20. Bxd6 Rfc8 21. Rfc1 Nd5 22. Kf1 Kg8 23. Ke1 Kf7 24. Kd2 Ke6 25. Ba3 g6 26. g3 h5 27. f3 Kd7 28. Kd3 Re8 29. e4 fxe4+ 30. fxe4 Nf6 31. Re1 Rac8 32. Rab1 Rb8 33. d5 Ng4 34. Bb2 Nxh2 35. e5 Nf3 36. Re3 Ng5 37. Rc1 b5 38. e6+ Nxe6 39. Be5 Rbc8 40. dxe6+ Rxe6 41. Rxc8 Kxc8 42. axb5 Kd7 43. Kd4 Rb6 44. Kc5 Rb7 45. b6 a4 46. Bd6 g5 47. Re7+ Kc8 48. Bc7 1-0